[Event "SLO-chT2 Ost"]
[Site "Slovenia"]
[Date "2010.10.09"]
[Round "8"]
[White "Rokvic, Vlado"]
[Black "Bohak, Janko"]
[Result "1/2-1/2"]
[WhiteElo "1930"]
[BlackElo "2116"]
[PlyCount "29"]
[EventDate "2010.05.29"]
[EventType "team-tourn"]
[EventRounds "9"]
[EventCountry "SLO"]
[SourceTitle "EXT 2022"]
[Source "ChessBase"]
[SourceDate "2021.10.06"]
[SourceVersion "1"]
[SourceVersionDate "2021.10.06"]
[SourceQuality "1"]

1. e4 c5 2. Nf3 Nc6 3. d4 cxd4 4. Nxd4 Nf6 5. Nc3 g6 6. Be3 d6 7. f3 Bg7 8. Qd2 0-0 9. 0-0-0 Nxd4 10. Bxd4 a6 11. Nd5 Nxd5 12. Bxg7 Kxg7 13. Qxd5 Qc7 14. Qd4+ Kg8 15. Kb1 1/2-1/2

[Event "SLO-chT2 Ost"]
[Site "Slovenia"]
[Date "2010.09.25"]
[Round "6"]
[White "Rokvic, Vlado"]
[Black "Lipovsek, Miran"]
[Result "1/2-1/2"]
[WhiteElo "1930"]
[BlackElo "2105"]
[PlyCount "21"]
[EventDate "2010.05.29"]
[EventType "team-tourn"]
[EventRounds "9"]
[EventCountry "SLO"]
[SourceTitle "EXT 2022"]
[Source "ChessBase"]
[SourceDate "2021.10.06"]
[SourceVersion "1"]
[SourceVersionDate "2021.10.06"]
[SourceQuality "1"]

1. e4 e5 2. Nf3 Nc6 3. Bb5 Nf6 4. 0-0 d6 5. c3 Be7 6. Re1 0-0 7. d4 Bg4 8. Bxc6 bxc6 9. dxe5 Bxf3 10. Qxf3 dxe5 11. Bg5 1/2-1/2

[Event "SLO-chT2 Ost"]
[Site "Maribor"]
[Date "2009.10.10"]
[Round "8"]
[White "Spalir, Branko"]
[Black "Rokvic, Vlado"]
[Result "1-0"]
[WhiteElo "2131"]
[BlackElo "1949"]
[PlyCount "54"]
[EventDate "2009.05.30"]
[EventType "team-tourn"]
[EventRounds "9"]
[EventCountry "SLO"]
[SourceTitle "EXT 2022"]
[Source "ChessBase"]
[SourceDate "2021.10.06"]
[SourceVersion "1"]
[SourceVersionDate "2021.10.06"]
[SourceQuality "1"]

1. e4 c5 2. Nc3 Nc6 3. g3 d6 4. Bg2 g6 5. d3 Bg7 6. f4 e6 7. Nf3 Nge7 8. 0-0 0-0 9. h3 d5 10. e5 f6 11. exf6 Bxf6 12. Re1 Nf5 13. g4 Nh4 14. Nxh4 Bxh4 15. Rf1 Bf6 16. Ne2 Qc7 17. c3 b6 18. Be3 Bb7 19. d4 cxd4 20. Nxd4 Nxd4 21. cxd4 Qd7 22. g5 Bg7 23. h4 Rac8 24. Bh3 Qd6 25. h5 Rc4 26. hxg6 hxg6 27. Qd3 Kh7 1-0

[Event "SLO-chT2 East"]
[Site "Brezice Maribor"]
[Date "2007.09.08"]
[Round "5"]
[White "Rokvic, Vlado"]
[Black "Sibanc, Bogo"]
[Result "1/2-1/2"]
[WhiteElo "1988"]
[BlackElo "1910"]
[PlyCount "23"]
[EventDate "2007.05.26"]
[EventType "team-tourn"]
[EventRounds "9"]
[EventCountry "SLO"]
[SourceTitle "EXT 2010"]
[Source "ChessBase"]
[SourceDate "2010.11.25"]
[SourceVersion "1"]
[SourceVersionDate "2010.11.25"]
[SourceQuality "1"]

1. e4 d6 2. d4 Nf6 3. Bd3 e5 4. d5 Be7 5. c4 0-0 6. Nc3 Nbd7 7. f4 Nc5 8. b4 Nxd3+ 9. Qxd3 exf4 10. Bxf4 Ng4 11. Nf3 Bf6 12. 0-0 1/2-1/2